Wireless Mobile Networking with ANS1-41 (Record no. 3510)

MARC details
000 -LEADER
fixed length control field 00636nam a22002297a 4500
003 - CONTROL NUMBER IDENTIFIER
control field OSt
005 - DATE AND TIME OF LATEST TRANSACTION
control field 20160413173320.0
008 - FIXED-LENGTH DATA ELEMENTS--GENERAL INFORMATION
fixed length control field 160413b xxu||||| |||| 00| 0 eng d
020 ## - INTERNATIONAL STANDARD BOOK NUMBER
International Standard Book Number 9780071352314
020 ## - INTERNATIONAL STANDARD BOOK NUMBER
International Standard Book Number 0071352317
040 ## - CATALOGING SOURCE
Transcribing agency DDC
082 ## - DEWEY DECIMAL CLASSIFICATION NUMBER
Classification number 384.5 SNY 2001
100 ## - MAIN ENTRY--PERSONAL NAME
Personal name Snyder, Randall A; Gallagher, Michael D.
9 (RLIN) 7837
245 ## - TITLE STATEMENT
Title Wireless Mobile Networking with ANS1-41
250 ## - EDITION STATEMENT
Edition statement 2nd ed.
260 ## - PUBLICATION, DISTRIBUTION, ETC. (IMPRINT)
Place of publication, distribution, etc. New York; McGraw-Hill, 2001
300 ## - PHYSICAL DESCRIPTION
Extent xxviii,573p; ill: 26cm
504 ## - BIBLIOGRAPHY, ETC. NOTE
Bibliography, etc Bibliography, & index included
650 ## - SUBJECT ADDED ENTRY--TOPICAL TERM
Topical term or geographic name as entry element Wireless communication
9 (RLIN) 7838
650 ## - SUBJECT ADDED ENTRY--TOPICAL TERM
Topical term or geographic name as entry element Networking
9 (RLIN) 615
942 ## - ADDED ENTRY ELEMENTS (KOHA)
Source of classification or shelving scheme Other/Generic Classification Scheme
Koha item type Open Shelf
Holdings
Withdrawn status Lost status Source of classification or shelving scheme Damaged status Not for loan Home library Current library Date acquired Source of acquisition Inventory number Total Checkouts Full call number Barcode Date last seen Koha item type
    Dewey Decimal Classification     MUST Main Library MUST Main Library 13/04/2016   15/39276   384.5 SNY 2001 2016-0809 13/04/2016 Open Shelf